Quizzes
Events
Quiz Creation
Community
Videos
Private Events
Remove Ads
Sign In
Join for FREE
Feedback
Dark Mode
Quiz Categories
Sports
Geography
Music
Movies
Television
Just For Fun
Miscellaneous
History
Literature
Language
Science
Gaming
Entertainment
Religion
Holiday
For Kids
Quiz Lab
Recent
Popular Today
Quiz Kudos Today
Editor Picks
Curator Picks
Quizzes by...
Day
Popularity
Type
Ratings
Length
Year
Community
Subscriptions
Recent Discussions
Orange Saloon
Badges
Playlists
Quests
Create
Leaderboards
Showdown
Live 5
Trivia Bingo
Activity
Puzzle Library
Sporcle Events
Private Events
Virtual Trivia
Globe League
Become a Host
Pub Owners
SporcleCon
Opinionation
Our Games
Videos
Blog
Mobile Apps
Partnerships
Remove Ads and Go Orange
Feedback
Sports
Athletes
MLB
NBA
NHL
NFL
Soccer
Sports Teams
WWE
NCAA
Football
Premier League
Basketball
Baseball
Hockey
Golf
Tennis
Cricket
Rugby
Auto Racing
Olympics
World Cup
Sports
Athletes
MLB
NBA
NHL
NFL
Soccer
Sports Teams
WWE
NCAA
Football
Premier League
Basketball
Baseball
Hockey
Golf
Tennis
Cricket
Rugby
Auto Racing
Olympics
World Cup
Random Quiz
Search Sporcle
×
Quiz Lab
Quiz Lab
Sports
Baseball
Type in answers that appear in a list
Type in answers that appear in a list
Classic
Best Score? Go Orange.
MLB Ballparks by Age Stats
Can you name the MLB Ballparks by Age?
By
atloud
6m
30 Questions
2,571 Plays
2,571 Plays
2,571 Plays
Comments
Comments
Give Quiz Kudos
Give Quiz Kudos
-
- Ratings
hide this ad
Forced Order
Answers have to be entered in order
Answers have to be entered in order
Replay
Link that replays current quiz
Next Quiz
Link to next quiz in quiz playlist
You Got
0%
They Got
Avg Score
34%
Avg Friend Score
Upgrade to see
Score Distribution
Jump to the score distribution portion of the page
Score
0/30
Timer
06:00
0
Plays Today
Year
Ballpark
% Correct
1912
Fenway Park
97.7%
1914
Wrigley Field
96%
1962
Dodger Stadium
66.6%
2009
Yankee Stadium
57.5%
2009
Citi Field
49.5%
2010
Target Field
44.6%
2012
loanDepot Park
37.3%
1966
Angel Stadium of Anaheim
36.7%
1992
Oriole Park at Camden Yards
36.1%
1995
Coors Field
30.3%
2006
Busch Stadium
29.7%
1973
Kauffman Stadium
29.4%
2001
PNC Park
29.1%
2008
Nationals Park
28.7%
2017
Truist Park
28%
Year
Ballpark
% Correct
1989
Rogers Centre
26.5%
2004
PETCO Park
26.4%
2000
Minute Maid Park
26%
1999
T-Mobile Park
25.9%
1994
Progressive Field
25.8%
1998
Chase Field
25.8%
2000
Oracle Park
24.5%
1991
Guaranteed Rate Field
23.7%
2004
Citizens Bank Park
23.6%
2001
American Family Field
23.2%
2003
Great American Ball Park
23%
1998
Tropicana Field
22.2%
2000
Comerica Park
22%
1966
Oakland Coliseum
21.4%
2020
Globe Life Field
19.4%
Quiz Playlist
Details
Report
Send in Message
Add To Playlist
Classic:
Type in answers that appear in a list
Forced Order:
Answers have to be entered in order
Last Updated: Jan 4, 2024
Quiz Scoreboard
CHALLENGE
Sign Up to Join the Scoreboard
Show All
Scores
Hide
Comments
May contain spoilers
Recently Published
Movies - When Are They Set?
by FPL_Elf
Movies
5m
Popular People in 1961
by mucciniale
History
6m
1-10 Letter E Words III
by El_Dandy
Language
2m
More to Explore
Quiz From the Vault
Featured Blog Post
Where Did the Easter Bunny Come From?
hide this ad
You Might Also Like...
Tags
Baseball Quiz
MLB Quiz
Age
ballpark
hallmark
Today's Top Quizzes in Sports
Browse Sports
hide this ad
Today's Top Quizzes in Baseball
Browse Baseball
Top Contributed Quizzes in Sports
1
Les meilleurs buteurs des matchs entre le PSG et l’OM
2
Les entraîneurs de l'OM et du PSG au 21e siècle
3
FIFA Club World Cup Champions
4
2022 World Cup Stars
5
Name the Premier League winners with different clubs
6
La finale Lions - Afrique du Sud 2021
7
Criteria MLB: Left Handed Sluggers
8
Players with Multiple 50 Home Run Seasons
9
MLB Players with Two .350 Batting Average Seasons
10
MLB Hall of Famer by Rings
Explore More
Trending Topics
Kpop
Disney
Harry Potter
Marvel
NBA
Crossword
Anime
The Office
Pokémon
Puzzle
Country
WWE
NFL
Soccer
Song
hide this ad
More By:
atloud
Quiz
Plays
Rating
Category
Featured
Created
MLB Ballparks by Age
2,571
3.61
Sports
Jul 13, 2010
Boston T Stations (Map)
533
4.50
Geography
Oct 17, 2016
MLB Attendance 2010
302
3.71
Sports
Jul 13, 2010
University of Maryland Buildings
278
4.00
Miscellaneous
Jul 13, 2010
MLB Leaders 2000-2009
170
3.25
Sports
Jul 14, 2010
Go to Creator's Profile
Score Distribution
Quiz Creator Spotlight
atloud
Follow
Send a Message
Quizzes Created
-
Created Quiz Play Count
-
More By This Creator
Popular Quizzes Today
1
Find the US States - No Outlines Minefield
2
Find the Countries of Europe - No Outlines Minefield
3
The Countries of the World
4
Popular People in 1961
5
1-10 Letter E Words III
6
US States
7
Find the US States
8
One Thing in Common: World Cities II
More Sports Quizzes
Wrestling Promo Cryptogram II
Curator's Pick
Trending Quizzes
Risky Map Clicking: Least Populous States A-Z
1-10 Letter F Words
Humor Books: The Subtitles
1-10 Letter G Words
One Thing in Common: United Kingdom
Recently Updated
Leaping Animals
pecheneg
Reality TV Shows (A-Z)
bhenderson79
Rickey Henderson's Hall of Fame Teammates
pecheneg
Champions League XIs: Arsenal
pecheneg
Quick Pick: Celebrities in WWE's Hall of Fame
aduchscher
A-Z Keypad Blitz II
pecheneg
Multiple Oscar Actors
pecheneg
Mystery Phrase Blitz: Oscar 'Best Actors'
pecheneg
F. Scott Fitzgerald Novels
LTH
Pick 3 Villains
ddd62291
Trending Topics
Marvel
Harry Potter
Crossword
NBA
Kpop
Disney
Anime
Country
The Office
Soccer
Puzzle
Pokémon
WWE
NFL
Song
Your Account Isn't Verified!
In order to create a playlist on Sporcle, you need to verify the email address you used during registration. Go to your
Sporcle Settings
to finish the process.
Report this User
Report this user for behavior that violates our
Community Guidelines
.
Details:
Send Report
Go to the Sporcle.com Mobile Site →
Comments